000 00772nam a22002057a 4500
999 _c17826
_d17826
003 AR-CdUCM
008 190509b ||||| |||| 00| 0 spa d
040 _aMUNICIPALIDAD PROVINCIAL DEL CUSCO
_cBIBLIOTECA MUNICIPAL DEL CUSCO
082 _22ed
_a868.6 /
_bM26
100 _aMarañon, Gregorio
_93567
245 _aAmor, conveniencia y eugenesia :
_ael deber de las edades :
_bJuventud, modernidad, eternidad /
260 _aMéxico :
_bEditorial nacional,
_c1961.
300 _a232 páginas ;
_c20 cm.
505 _aContenido: Amor y conveniencia -- El matrimonio por amor -- Ceguera y clarividencia del amor -- El noviazgo...
650 _aAmor
_9905
650 _aNoviazgo
_938008
650 _aConveniencia
_938009
942 _2ddc
_cLIBROS
945 _adavv
_d2019-05-09